Hersheypark Roller Coasters - Statistics

General Stats
  • This quiz has been taken 837 times
  • The average score is 8 of 12
Answer Stats
Hint Answer % Correct
3 Skyrush
89%
9 Wild Cat
82%
6 Stormrunner
80%
1 Great Bear
76%
4 Fahrenheit
71%
12 Comet
66%
11 Lightning Racer
64%
2 SooperDooperLooper
62%
10 Wild Mouse
46%
5 Trailblazer
45%
8 Laff Trakk
43%
7 Sidewinder
42%
No matching quizzes found
Score Distribution
Percent of People with Each Score
Percentile by Number Answered
Your Score History
You have not taken this quiz